<?xml version="1.0" encoding="UTF-8"?>
<record
    xmlns:xsi="http://www.w3.org/2001/XMLSchema-instance"
    xsi:schemaLocation="http://www.loc.gov/MARC21/slim http://www.loc.gov/standards/marcxml/schema/MARC21slim.xsd"
    xmlns="http://www.loc.gov/MARC21/slim">

  <leader>01045nam a2200193Ia 4500</leader>
  <datafield tag="952" ind1=" " ind2=" ">
    <subfield code="0">0</subfield>
    <subfield code="1">0</subfield>
    <subfield code="2">lcc</subfield>
    <subfield code="4">0</subfield>
    <subfield code="7">0</subfield>
    <subfield code="a">21</subfield>
    <subfield code="b">21</subfield>
    <subfield code="d">2018-04-06</subfield>
    <subfield code="l">0</subfield>
    <subfield code="o">Q180  M47</subfield>
    <subfield code="p">21 003776</subfield>
    <subfield code="r">2018-04-06</subfield>
    <subfield code="t">1</subfield>
    <subfield code="w">2018-04-06</subfield>
    <subfield code="y">LB</subfield>
  </datafield>
  <datafield tag="999" ind1=" " ind2=" ">
    <subfield code="c">102894</subfield>
    <subfield code="d">102894</subfield>
  </datafield>
  <controlfield tag="008">120626s2011    mx            000 0 spa d</controlfield>
  <datafield tag="050" ind1="0" ind2="4">
    <subfield code="a">Q180 </subfield>
    <subfield code="b">M47 </subfield>
  </datafield>
  <datafield tag="100" ind1="1" ind2="0">
    <subfield code="a">Merino, Mauricio</subfield>
  </datafield>
  <datafield tag="245" ind1="1" ind2="0">
    <subfield code="a">Marco de referencia para la evaluaci&#xF3;n cient&#xED;fica </subfield>
    <subfield code="c">/ Mauricio Merino ; colab. MichikoK. Ar&#xE1;mburo</subfield>
  </datafield>
  <datafield tag="260" ind1=" " ind2=" ">
    <subfield code="a">M&#xE9;xico : Limusa</subfield>
    <subfield code="b">Auditoria Superior de la Federaci&#xF3;n :</subfield>
    <subfield code="b">CIDE </subfield>
    <subfield code="c">, 2011.</subfield>
  </datafield>
  <datafield tag="300" ind1=" " ind2=" ">
    <subfield code="a">23 p., </subfield>
    <subfield code="c">21 cm.</subfield>
  </datafield>
  <datafield tag="500" ind1=" " ind2=" ">
    <subfield code="a">M&#xE9;todo cient&#xED;fico : diferntes aproximaciones. Las caracter&#xF3;sticas generales del m&#xE9;todo cient&#xED;fico en la actualidad. El M&#xE9;todo cient&#xED;fico de invstigaci&#xF3;n en las Ciencias Sociales. Un modelo para el an&#xE1;lisis cientifico de la administraci&#xF3;n p&#xFA;blica. Criterios para la evaluaci&#xF3;n de la rigurosidad cient&#xED;tica de los lineamientos de la Auditoria Especial de desempe&#xF1;o </subfield>
  </datafield>
  <datafield tag="504" ind1=" " ind2=" ">
    <subfield code="a">Bibliografia  p. 227-231</subfield>
  </datafield>
  <datafield tag="519" ind1=" " ind2=" ">
    <subfield code="a">Material Complementario /</subfield>
    <subfield code="d">(21 003776)</subfield>
  </datafield>
  <datafield tag="650" ind1=" " ind2="0">
    <subfield code="a">INVESTIGACION CIENTIFICA</subfield>
  </datafield>
  <datafield tag="650" ind1=" " ind2="0">
    <subfield code="a">METODOLOGIA</subfield>
    <subfield code="9">4422</subfield>
  </datafield>
  <datafield tag="700" ind1=" " ind2=" ">
    <subfield code="a">Ar&#xE1;mburo, Michiko K.</subfield>
    <subfield code="9">70978</subfield>
  </datafield>
  <datafield tag="942" ind1=" " ind2=" ">
    <subfield code="2">lcc</subfield>
    <subfield code="c">HMAN</subfield>
  </datafield>
</record>
